00525 2200181 4500001002100000008004100021035002000062245005000082100002400132110002500156260004100181300001200222020002200234084001400256082000800270650004600278990001900324INLIS000000000001230 ind  a0010-0724001230 aKedelai Penyayang TulanhcNunung Dwi Verawati aNunung Dwi Verawati aVerawati, Nunung Dwi aJakartabPermata Equator Mediac2010 a62 hlm. a978-979-052-139-1 a633 NUN k a633 aTanaman Persawahan dan Tanaman Perkebunan aP29/CP/24/1230